| 000 | 00742nam a2200193 i 4500 | ||
|---|---|---|---|
| 001 | 37617 | ||
| 003 | ES-MaACL | ||
| 005 | 20250712063122.0 | ||
| 007 | t| | ||
| 008 | 030221s1872 po ||||1| por d | ||
| 100 | 1 |
_aCaballero, Fermín, _d1800-1876 _933078 |
|
| 245 | 1 | 0 |
_aFomento da povoação rural em Hespanha _b: Memoria premiada pela Academia de Sciencias moraes e politicas, no conenso de 1862 / _cFermin Caballero ; versâo portuguesa do Dr. Venancio Deslandes. |
| 260 |
_aLisboa : _b[s.n.], _c1872 ( _fImp. Nacional) |
||
| 300 |
_aVIII, 195 p. : _b1 map. ; _c23 cm. |
||
| 651 | 7 |
_aEspaña- _xCondiciones rurales _2 _9151813 |
|
| 700 | 1 |
_aDeslandes, Venancio. _943889 |
|
| 852 |
_aES-MaACL _jG-7656 |
||
| 999 |
_c37617 _d37617 |
||